[Event "New Delhi Parsvnath op 7th"]
[Site "New Delhi"]
[Date "2009.01.11"]
[Round "1"]
[White "Jitender, Rawat"]
[Black "Shyam, Sundar M"]
[Result "0-1"]
[WhiteElo "1841"]
[BlackElo "2426"]
[PlyCount "56"]
[EventDate "2009.01.11"]
[EventType "swiss"]
[EventRounds "10"]
[EventCountry "IND"]
[SourceTitle "CBM 128 Extra"]
[Source "ChessBase"]
[SourceDate "2009.03.05"]
[SourceVersion "2"]
[SourceVersionDate "2009.03.25"]
[SourceQuality "1"]

1. e4 e5 2. Nf3 Nc6 3. d4 exd4 4. Nxd4 Bc5 5. Nxc6 Qf6 6. Qf3 bxc6 7. Be2 Qxf3 8. gxf3 Ne7 9. Nd2 d5 10. Nb3 Bd6 11. Be3 f5 12. Bd4 fxe4 13. fxe4 dxe4 14. Bh5+ Kf8 15. 0-0-0 Bf5 16. f3 Bf4+ 17. Kb1 e3 18. Rhg1 Rg8 19. Bc5 g6 20. Bg4 Kf7 21. Nd4 h5 22. Nxf5 Nxf5 23. Rd7+ Ke6 24. Bxf5+ gxf5 25. Rgd1 Bd6 26. Rh7 Bxc5 27. f4 e2 28. Rh6+ Kf7 0-1

[Event "Commonwealth-ch"]
[Site "New Delhi"]
[Date "2007.12.03"]
[Round "1"]
[White "Jitender, Rawat"]
[Black "Wajih, Nassir"]
[Result "0-1"]
[WhiteElo "1876"]
[BlackElo "2285"]
[PlyCount "62"]
[EventDate "2007.12.03"]
[EventType "swiss"]
[EventRounds "10"]
[EventCountry "IND"]
[SourceTitle "CBM 121 Extra"]
[Source "ChessBase"]
[SourceDate "2008.01.10"]
[SourceVersion "1"]
[SourceVersionDate "2008.01.10"]
[SourceQuality "1"]

1. e4 c5 2. c3 e6 3. d4 d5 4. e5 Nc6 5. Nf3 Qb6 6. Bd3 Bd7 7. 0-0 Rc8 8. Qb3 cxd4 9. Bd2 Qxb3 10. axb3 dxc3 11. bxc3 Bc5 12. Na3 Nge7 13. b4 Bb6 14. Nb5 0-0 15. Nd6 Rb8 16. b5 Na5 17. Be3 Nc8 18. Bxb6 axb6 19. Ng5 Nxd6 20. exd6 f6 21. Nf3 Rbc8 22. Rac1 Nb3 23. Rc2 Nc5 24. Be2 Ne4 25. Rfc1 Nxd6 26. Nd2 Bxb5 27. Bxb5 Nxb5 28. f4 Rc6 29. h4 Rfc8 30. Nb1 d4 31. c4 d3 0-1

[Event "Commonwealth-ch"]
[Site "New Delhi"]
[Date "2007.12.03"]
[Round "2"]
[White "Vivek, Bharti"]
[Black "Jitender, Rawat"]
[Result "1/2-1/2"]
[WhiteElo "2086"]
[BlackElo "1876"]
[PlyCount "83"]
[EventDate "2007.12.03"]
[EventType "swiss"]
[EventRounds "10"]
[EventCountry "IND"]
[SourceTitle "CBM 121 Extra"]
[Source "ChessBase"]
[SourceDate "2008.01.10"]
[SourceVersion "1"]
[SourceVersionDate "2008.01.10"]
[SourceQuality "1"]

1. d4 d5 2. c4 c6 3. e3 Nf6 4. Nc3 g6 5. Qc2 Bg7 6. b3 Bf5 7. Bd3 Bxd3 8. Qxd3 Na6 9. a3 0-0 10. f4 c5 11. Nf3 cxd4 12. exd4 dxc4 13. bxc4 Rc8 14. Rb1 Nc5 15. Qc2 Ne6 16. d5 Nc5 17. 0-0 a6 18. Na4 Nxa4 19. Qxa4 Qc7 20. Re1 Ng4 21. Qb4 Rfe8 22. h4 Nh6 23. Qxb7 Qxc4 24. Bd2 Rc7 25. Rb4 Rxb7 26. Rxc4 Rd7 27. Rc5 Nf5 28. g4 Nd4 29. Kg2 Nb3 30. Rc6 Nxd2 31. Nxd2 Rxd5 32. Nc4 Rd4 33. Kf3 Rd3+ 34. Re3 Rd4 35. Nd6 Rd8 36. Nb7 Re8 37. Rxa6 e5 38. fxe5 Bxe5 39. Ra5 f6 40. g5 Rf8 41. gxf6 Rxf6+ 42. Ke2 1/2-1/2